[Event "18th Hampstead U2200 Congress"]
[Site "London, England"]
[Date "2014.06.21"]
[Round "2"]
[White "Lees, Fraser"]
[Black "Healey, Mike"]
[Result "1/2-1/2"]
[WhiteElo "1782"]
[BlackElo "2122"]

1. f4 b6 2. e4 Bb7 3. Nc3 e6 4. Nf3 Nf6 5. d3 d5 6. e5 Ng4 7. h3 Nh6 8. Be3
Nf5 9. Bf2 h5 10. d4 Ba6 11. Bd3 Bxd3 12. Qxd3 h4 13. O-O c5 14. Nd1 c4 15.
Qe2 Nc6 16. c3 g6 17. Ne3 Be7 18. Nxf5 gxf5 19. b3 b5 20. bxc4 bxc4 21. Rab1
Qa5 22. Qc2 Qa6 23. Qb2 Rb8 24. Qc2 Kd7 25. Rxb8 Rxb8 26. Bxh4 Qb5 27. Bxe7
Nxe7 28. Ng5 Qb2 29. Rc1 Ke8 30. Kf1 a5 31. Ke1 Qxc2 32. Rxc2 a4 33. Kd2 a3
34. g3 Rb1 35. Rc1 Rb2+ 36. Rc2 Rb1 37. Rc1 {#d} 1/2-1/2

[Event "18th Hampstead U2200 Congress"]
[Site "London, England"]
[Date "2014.06.21"]
[Round "2"]
[White "Jyothilal, N."]
[Black "Brozel, Sacha"]
[Result "1-0"]
[WhiteElo "2048"]
[BlackElo "1766"]

1. d4 e6 2. Nf3 c5 3. c4 cxd4 4. Nxd4 Nf6 5. g3 Nc6 6. Bg2 Bc5 7. Nxc6 bxc6 8.
O-O O-O 9. Nc3 Rb8 10. Bf4 d6 11. Na4 e5 12. Bg5 Bd4 13. e3 Bb6 14. Bxc6 Qc7
15. Bg2 Qxc4 16. Bxf6 gxf6 17. Rc1 Qe6 18. Bd5 Qe7 19. Nxb6 Rxb6 20. Rxc8 Rxb2
21. Qg4+ Kh8 22. Rfc1 Rb8 23. R8c7 Qe8 24. Qf5 Qd8 25. Be4 {#r} 1-0

[Event "18th Hampstead U2200 Congress"]
[Site "London, England"]
[Date "2014.06.21"]
[Round "2"]
[White "Yiamakis, Albert"]
[Black "Kovacs, Zoltan"]
[Result "0-1"]
[WhiteElo "1767"]
[BlackElo "2042"]

1. b3 e5 2. Bb2 Nc6 3. e3 g6 4. f4 d6 5. Bb5 Bg7 6. Nf3 Bg4 7. h3 Bxf3 8. Qxf3
Nge7 9. fxe5 O-O 10. Nc3 dxe5 11. O-O f5 12. Bc4+ Kh8 13. Nd5 e4 14. Bxg7+
Kxg7 15. Qg3 Nxd5 16. Rf2 Nb6 17. Bb5 Qd6 18. Qg5 Qf6 19. Qxf6+ Rxf6 20. Raf1
Raf8 21. a3 Ne5 22. Be2 h5 23. Bd1 h4 24. Kh2 g5 25. g3 hxg3+ 26. Kxg3 Nd5 27.
Rg1 Rh8 28. Kh2 g4 29. Rg3 Rxh3+ 30. Rxh3 gxh3 31. Kxh3 Rh6+ 32. Kg3 Kf6 33.
c4 Ne7 34. Bc2 Nd3 35. Bxd3 exd3 36. Rf4 c5 37. b4 Ke5 38. bxc5 Nc6 39. Kg2
Rg6+ 40. Kh2 Rg4 41. Rf3 Rxc4 42. Kg2 Rc2 43. Rf2 Na5 44. Kf1 Nc4 45. Rh2
Nxe3+ {#R} 0-1

[Event "18th Hampstead U2200 Congress"]
[Site "London, England"]
[Date "2014.06.21"]
[Round "2"]
[White "Krzyzanowski, Patryk"]
[Black "Carter, John"]
[Result "1-0"]
[WhiteElo "2006"]
[BlackElo "1713"]

1. d4 Nf6 2. Nf3 e6 3. c4 b6 4. g3 Ba6 5. Qc2 Bb4+ 6. Bd2 Qe7 7. Bg2 Bb7 8.
O-O Bxd2 9. Nbxd2 O-O 10. e4 d5 11. cxd5 exd5 12. e5 Ne4 13. Nxe4 dxe4 14. Nd2
c5 15. Bxe4 cxd4 16. Bxh7+ Kh8 17. Be4 Rc8 18. Qxc8+ Bxc8 19. Bxa8 Qxe5 20.
Rfe1 Qb5 21. a4 Qd7 22. Re4 Na6 23. Nf3 d3 24. Rd4 Qc7 25. Rxd3 Nc5 26. Re3
Ne6 27. Rc3 Qb8 28. Rac1 Ba6 29. Bd5 Qe8 30. Ne5 f6 31. Nc6 Nc5 32. Nb4 Qxa4
33. Nxa6 Qxa6 34. b4 Nd3 35. Bc4 Nxc1 36. Bxa6 Ne2+ 37. Bxe2 {#r} 1-0

[Event "18th Hampstead U2200 Congress"]
[Site "London, England"]
[Date "2014.06.21"]
[Round "2"]
[White "Anilkumar, Anantha P"]
[Black "Gaudeau, Valentin"]
[Result "1/2-1/2"]
[WhiteElo "1746"]
[BlackElo "1965"]

1. e4 c6 2. d4 d5 3. Nc3 dxe4 4. Nxe4 Bf5 5. Ng3 Bg6 6. Nf3 Nf6 7. h4 h6 8.
Ne5 Bh7 9. Bc4 e6 10. Qe2 Nd5 11. Bd3 Bxd3 12. Nxd3 Nd7 13. Bd2 Qb6 14. c3
O-O-O 15. O-O-O c5 16. dxc5 Nxc5 17. Nxc5 Bxc5 18. Ne4 Be7 19. c4 Qc6 20. Kb1
Nf6 21. Nc3 Kb8 22. Nb5 a6 23. Bf4+ Ka8 24. Nc3 Bb4 25. Be5 Rxd1+ 26. Rxd1
Qxg2 27. Qe3 Rc8 28. Qb6 Bc5 29. Rd8 {#d} 1/2-1/2

[Event "18th Hampstead U2200 Congress"]
[Site "London, England"]
[Date "2014.06.21"]
[Round "2"]
[White "Sagues, Vincent"]
[Black "Samadov, Samir"]
[Result "1/2-1/2"]
[WhiteElo "1896"]
[BlackElo "1648"]

1. e4 e6 2. d4 d5 3. Nd2 c5 4. Ngf3 cxd4 5. exd5 Qxd5 6. Bc4 Qd8 7. O-O Nf6 8.
Nb3 Nc6 9. Nbxd4 Nxd4 10. Nxd4 Be7 11. b3 O-O 12. Bb2 a6 13. Qe2 Qc7 14. Nf3
b5 15. Bd3 Bb7 16. Ne5 Nd5 17. Qe4 f5 18. Qe1 Nf4 19. f3 Bc5+ 20. Kh1 Qe7 21.
Qg3 Nxd3 22. Nxd3 Bd6 {#d} 1/2-1/2

[Event "18th Hampstead U2200 Congress"]
[Site "London, England"]
[Date "2014.06.21"]
[Round "2"]
[White "Horlock, Peter"]
[Black "Barasi, Paul"]
[Result "0-1"]
[WhiteElo "1638"]
[BlackElo "1867"]

1. e4 c5 2. Nf3 a6 3. d4 cxd4 4. Nxd4 Nf6 5. Bd3 e5 6. Ne2 Bc5 7. h3 d5 8. c3
dxe4 9. Bc2 Qxd1+ 10. Bxd1 Nd5 11. O-O Nc6 12. b4 Bb6 13. Nd2 e3 14. Ne4 exf2+
15. Nxf2 Ne3 16. Bxe3 Bxe3 17. Bc2 Be6 18. Ng3 O-O 19. Kh1 f5 20. Nd1 Bf4 21.
Ne2 Bg5 22. Nf2 Bc4 23. Bd3 Be6 24. a3 e4 25. Bc2 Bc4 26. Bd1 e3 27. h4 Bxh4
28. Nh3 Rad8 29. Nhf4 g5 30. Rf3 gxf4 31. Nxf4 Bf2 32. Nh3 Rd2 33. Nxf2 exf2
34. Kh2 Ne5 35. Rg3+ Ng4+ 36. Bxg4 fxg4 37. Rxg4+ Kh8 38. Rxc4 f1=Q 39. Rxf1
Rxf1 40. Rc7 Rff2 41. Rxb7 Rxg2+ 42. Kh3 Rg6 43. Re7 Rd1 44. Kh2 Rd5 {#R} 0-1

[Event "18th Hampstead U2200 Congress"]
[Site "London, England"]
[Date "2014.06.21"]
[Round "2"]
[White "Ali, Syed Zarrar"]
[Black "Giles, Yasmin"]
[Result "0-1"]
[WhiteElo "1200"]
[BlackElo "1857"]

1. d4 d5 2. c4 c6 3. Nf3 Nf6 4. e3 Bf5 5. cxd5 Nxd5 6. Qb3 Qb6 7. Qxb6 axb6 8.
Be2 Nb4 9. Nc3 Nc2+ 10. Kf1 Nxa1 11. e4 Bg6 12. Bd3 e6 13. Bf4 Nd7 14. Ke2 Nb3
15. axb3 Bb4 16. h4 Bh5 17. Rh3 Bg4 18. Rg3 h5 19. Nd1 Ra2 20. Kf1 Ke7 21. Bc2
Bd6 22. e5 Bb4 23. Kg1 f6 24. Kh2 Rha8 25. exf6+ gxf6 26. Bg6 Ra1 27. Ne3 f5
28. Bg5+ Nf6 29. Ne5 Be1 30. f3 Bf2 31. fxg4 hxg4 32. h5 Bg1+ 33. Kh1 Bxe3+
{#R} 0-1

[Event "18th Hampstead U2200 Congress"]
[Site "London, England"]
[Date "2014.06.21"]
[Round "2"]
[White "Seman, Myroslav"]
[Black "Xu, David"]
[Result "0-1"]
[WhiteElo "1826"]
[BlackElo "1538"]

1. d4 d5 2. Bg5 c6 3. f4 h6 4. Bh4 Nf6 5. e3 e6 6. Nf3 Be7 7. Bd3 Nbd7 8. O-O
c5 9. c3 b6 10. Nbd2 Bb7 11. Bb5 O-O 12. Rc1 Rc8 13. h3 a6 14. Bd3 Ne4 15.
Bxe7 Qxe7 16. Ne5 Nxe5 17. fxe5 Qg5 18. Rf4 cxd4 19. cxd4 Nxd2 20. Qxd2 Rxc1+
21. Qxc1 Rc8 22. Qf1 Qe7 23. Bxa6 Rc2 24. Bxb7 Qxb7 25. Rf2 Qc6 26. Rxc2 Qxc2
27. Qf2 Qb1+ 28. Kh2 Qxa2 29. Qh4 Qxb2 30. Qd8+ Kh7 31. Kg3 Qe2 32. Qxb6 Qxe3+
33. Kh2 Qf4+ 34. Kg1 Kg6 35. Qb1+ Qe4 36. Qxe4+ dxe4 37. Kf2 Kf5 38. Ke3 h5
39. g3 f6 40. exf6 gxf6 41. Ke2 Kg5 42. Kf2 h4 43. gxh4+ Kxh4 44. Ke3 Kxh3 45.
Kxe4 Kg4 46. Ke3 f5 47. Kd3 Kf4 48. d5 exd5 49. Kd4 Kg3 50. Kxd5 f4 51. Ke4 f3
52. Ke3 f2 53. Ke2 Kg2 {#R} 0-1

[Event "18th Hampstead U2200 Congress"]
[Site "London, England"]
[Date "2014.06.21"]
[Round "2"]
[White "Pollack, Oscar"]
[Black "Bonafont, Philip"]
[Result "0-1"]
[WhiteElo "1490"]
[BlackElo "2053"]

1. Nf3 c5 2. g3 Nc6 3. Bg2 g6 4. O-O Bg7 5. c3 e5 6. d3 d5 7. Nbd2 Nge7 8. e4
d4 9. cxd4 cxd4 10. Ne1 O-O 11. f4 Be6 12. Nef3 f6 13. Nb3 Qd6 14. Bd2 Kh8 15.
Rc1 b6 16. a3 Rac8 17. h4 Bg4 18. Qe1 Qe6 19. Na1 h6 20. Nh2 Bh3 21. f5 Bxf5
22. exf5 gxf5 23. Nc2 Qb3 24. Nb4 Na5 25. Rxc8 Rxc8 26. Bc1 Qe6 27. Rf2 Nb3
28. Rc2 Nc5 29. Qe2 a5 30. Bd2 axb4 31. Bxb4 Nd5 32. Bxc5 Rxc5 33. Rxc5 bxc5
34. Qf3 Ne3 35. Qc6 Qxc6 36. Bxc6 c4 37. a4 c3 38. bxc3 dxc3 39. a5 c2 40. a6
c1=Q+ 41. Kf2 Qxc6 42. Kxe3 Bf8 {#R} 0-1

[Event "18th Hampstead U2200 Congress"]
[Site "London, England"]
[Date "2014.06.21"]
[Round "2"]
[White "Millward, David J"]
[Black "Winter, Malcolm J"]
[Result "1/2-1/2"]
[WhiteElo "1866"]
[BlackElo "1526"]

1. e4 c6 2. d4 d5 3. Nc3 dxe4 4. Nxe4 Nf6 5. Ng3 e5 6. Be3 exd4 7. Qxd4 Qxd4
8. Bxd4 Be7 9. Nf3 O-O 10. Be2 c5 11. Bxf6 Bxf6 12. c3 Nc6 13. O-O Be6 14. Ne4
Be7 15. Rfd1 Rfd8 16. Kf1 Rxd1+ 17. Bxd1 Rd8 {#d} 1/2-1/2

[Event "18th Hampstead U2200 Congress"]
[Site "London, England"]
[Date "2014.06.21"]
[Round "2"]
[White "Jamieson, Alexander"]
[Black "Pride, Stephen"]
[Result "0-1"]
[WhiteElo "1334"]
[BlackElo "1776"]

1. d4 c5 2. c4 cxd4 3. Qxd4 Nc6 4. Qd1 g6 5. Nf3 Nf6 6. Nc3 Bg7 7. Bg5 h6 8.
Bh4 O-O 9. e3 d6 10. Bd3 Qa5 11. O-O Bd7 12. Qd2 Rac8 13. a3 a6 14. Rac1 Qd8
15. Rfd1 Na5 16. Ne2 Nb3 17. Qc2 Nxc1 18. Rxc1 Qe8 19. b3 b5 20. Qd2 bxc4 21.
Bxc4 Bb5 22. Bxb5 Rxc1+ 23. Qxc1 Qxb5 24. Ned4 Qb7 25. h3 Rc8 26. Qe1 e5 27.
Ne2 Qxb3 28. Qd2 Qxa3 {#R} 0-1

[Event "18th Hampstead U2200 Congress"]
[Site "London, England"]
[Date "2014.06.21"]
[Round "2"]
[White "Sonnis, Steve"]
[Black "Huang, Dion"]
[Result "0-1"]
[WhiteElo "1700"]
[BlackElo "1744"]

1. e4 e5 2. Nf3 Nc6 3. d4 exd4 4. Nxd4 Be7 5. Nxc6 bxc6 6. Nc3 d6 7. g3 Bb7 8.
Bg2 Nf6 9. O-O O-O 10. Be3 Qc8 11. f3 Nd7 12. Bh3 Qd8 13. Qe2 Bf6 14. Qe1 Nb6
15. Rd1 Qe7 16. Bd4 Rfe8 17. Qf2 Ba6 18. Rfe1 c5 19. Bxf6 Qxf6 20. Bf1 Bb7 21.
Nb5 {(=)} Re7 22. c4 a6 23. Nc3 Rae8 24. Nd5 Nxd5 25. cxd5 Re5 26. Re3 Ra8 27.
f4 Ree8 28. g4 h6 29. g5 hxg5 30. fxg5 Qg6 31. Bg2 Qxg5 32. Rg3 {(=)} Qe5 33.
Rh3 g6 34. Kh1 Rab8 35. Rf1 Qg7 36. Rf3 Rf8 37. b3 Rbe8 38. Rf6 Re5 39. Qe1
Bxd5 40. Qd2 Bxe4 41. Bxe4 Rxe4 42. Qd3 Re6 43. Rxe6 fxe6 44. Rxf8+ Kxf8 45.
Qxa6 Qd7 46. Qa8+ Kg7 47. Qe4 Qf7 48. Qe2 d5 49. a4 Qf6 50. Qe1 d4 51. a5 d3
52. Qd1 d2 53. a6 Qf2 54. Qa1+ Kh7 55. a7 Qe1+ 56. Qxe1 dxe1=Q+ 57. Kg2 Qa5
{#R} 0-1

[Event "18th Hampstead U2200 Congress"]
[Site "London, England"]
[Date "2014.06.21"]
[Round "2"]
[White "Villiers, Thomas"]
[Black "Karia, Kamlesh"]
[Result "1-0"]
[WhiteElo "2076"]
[BlackElo "1587"]

1. d4 d5 2. c4 e5 3. dxe5 d4 4. Nf3 Nc6 5. Bg5 Be7 6. Bf4 Bb4+ 7. Nbd2 Nge7 8.
a3 Bxd2+ 9. Qxd2 Bg4 10. e3 dxe3 11. Qxe3 h6 12. Rd1 Qc8 13. Be2 Be6 14. O-O
g5 15. Bg3 Nf5 16. Qc5 Nce7 17. Nd2 b6 18. Qb4 Nd4 19. Bd3 c5 20. Qc3 h5 21.
Ne4 Qd8 22. Nxg5 Nef5 23. Ne4 Ke7 24. Bf4 Qg8 25. Nf6 Qg7 26. Kh1 Nh4 27. Be4
Ne2 28. Qd2 Nxf4 29. Qd6# 1-0

[Event "18th Hampstead U2200 Congress"]
[Site "London, England"]
[Date "2014.06.21"]
[Round "2"]
[White "Kalavannan, Koby"]
[Black "Hudson, Jeremy"]
[Result "1-0"]
[WhiteElo "1946"]
[BlackElo "1596"]

1. d4 Nf6 2. Nf3 e6 3. c4 b6 4. g3 Ba6 5. b3 Bb7 6. Bg2 Bb4+ 7. Bd2 Be7 8. Nc3
d5 9. Ne5 c5 10. e3 Nc6 11. Nxc6 Bxc6 12. O-O O-O 13. Ne2 Ne4 14. Bc1 Rc8 15.
Bb2 Re8 16. Rc1 Qd7 17. Nf4 Bf8 18. Qg4 dxc4 19. bxc4 Nf6 20. Qe2 Bxg2 21.
Kxg2 Qb7+ 22. d5 e5 23. Nd3 Bd6 24. e4 Qd7 25. Rfe1 a6 26. Bc3 b5 27. Qb2 bxc4
28. Nxe5 Qc7 29. Nxc4 Nxe4 30. Bxg7 Bf8 31. Bxf8 {#r} 1-0

[Event "18th Hampstead U2200 Congress"]
[Site "London, England"]
[Date "2014.06.21"]
[Round "2"]
[White "Shallice, Tim"]
[Black "Landau, Jonathan"]
[Result "0-1"]
[WhiteElo "1663"]
[BlackElo "1937"]

1. e4 e5 2. Nf3 Nc6 3. Bc4 Nf6 4. d4 exd4 5. e5 d5 6. Bb5 Ne4 7. Nxd4 Bd7 8.
Bxc6 bxc6 9. O-O Bc5 10. Be3 Qe7 11. f3 Ng5 12. Qd2 Ne6 13. c3 O-O 14. f4 Bb6
15. Na3 Nc5 16. Nac2 Ne4 17. Qe2 a6 18. a4 Rfb8 19. Nb4 Bxd4 20. Bxd4 a5 21.
Nd3 c5 22. Be3 c4 23. Nf2 Nxf2 24. Qxf2 Bf5 25. Bd4 Rb3 26. Rad1 Ra6 27. Rd2
Rg6 28. g3 Qd7 29. Ra1 Be4 30. Re2 Qf5 31. Bc5 h5 32. Re3 h4 33. Kf1 Qh3+ 34.
Ke1 hxg3 35. Rxg3 Rxg3 36. Qxg3 Qxg3+ 37. hxg3 Rxb2 38. Ra3 Kh7 39. Be3 Kg6
40. Bd2 Bd3 41. Ra1 Kf5 42. Rd1 Ra2 43. Kf2 Rxa4 44. g4+ Ke6 45. Re1 Be4 46.
Re2 Ra1 47. Be3 a4 48. Rb2 a3 49. Rb7 d4 50. Bxd4 Bxb7 {#R} 0-1

[Event "18th Hampstead U2200 Congress"]
[Site "London, England"]
[Date "2014.06.21"]
[Round "2"]
[White "Dziedzic, Tomek"]
[Black "Balouka Myers, Gabriel"]
[Result "1-0"]
[WhiteElo "1795"]
[BlackElo "1583"]

1. Nf3 Nc6 2. d4 d5 3. c4 e6 4. Nc3 Nf6 5. e3 Be7 6. a3 O-O 7. b4 dxc4 8. Bxc4
b6 9. O-O Bb7 10. Bb2 Nb8 11. Bd3 Nbd7 12. Rc1 Nd5 13. Nxd5 Bxd5 14. Ne5 Nxe5
15. dxe5 c5 16. bxc5 Bxc5 17. Qe2 Qg5 18. g3 Rfd8 19. Rfd1 Rac8 20. h4 Qe7 21.
Rd2 Bxa3 22. Bxa3 Qxa3 23. Rcd1 Bb3 24. Bxh7+ Kxh7 25. Qh5+ {#r} 1-0

[Event "18th Hampstead U2200 Congress"]
[Site "London, England"]
[Date "2014.06.21"]
[Round "2"]
[White "Meikle-Briggs, Richard"]
[Black "Balouka Myers, Reuben"]
[Result "0-1"]
[WhiteElo "1736"]
[BlackElo "1500"]

1. e4 e6 2. d4 d5 3. Nd2 dxe4 4. Nxe4 Nf6 5. Ng3 Be7 6. Nf3 Nbd7 7. Be2 b6 8.
O-O O-O 9. c4 Bb7 10. b3 c5 11. Bb2 cxd4 12. Bxd4 Bc5 13. Bxc5 Nxc5 14. Qxd8
Rfxd8 15. Rad1 h6 16. Ne5 Rac8 17. Nf3 Nfe4 18. Nxe4 Nxe4 19. Rxd8+ Rxd8 20.
Rc1 Nc5 21. h3 Bxf3 22. Bxf3 Rd2 23. Ra1 Kf8 24. Kf1 Nd3 25. Rd1 Rxd1+ 26.
Bxd1 Ke7 27. Bc2 Nb4 28. Bb1 Kd6 29. Ke2 Nc6 30. Ke3 Ke5 31. g4 Ne7 32. f4+
Kd6 33. a3 e5 34. f5 f6 35. Be4 Nc6 36. b4 Nd4 37. Kf2 a5 38. Ke3 Nc6 39. Bxc6
Kxc6 40. Ke4 Kd6 41. h4 Kc6 42. g5 hxg5 43. hxg5 Kd6 44. gxf6 gxf6 45. c5+
bxc5 46. bxa5 c4 47. a4 Kc6 48. Ke3 Kb7 49. Kd2 e4 {#R} 0-1

[Event "18th Hampstead U2200 Congress"]
[Site "London, England"]
[Date "2014.06.21"]
[Round "2"]
[White "Larios, Rafael"]
[Black "Mkpadi, Michael"]
[Result "0-1"]
[WhiteElo "1585"]
[BlackElo "1735"]

1. e4 c5 2. Nc3 e6 3. f4 d5 4. e5 Nc6 5. Bb5 Bd7 6. Nf3 Qa5 7. O-O d4 8. Bxc6
Bxc6 9. Ne2 O-O-O 10. d3 Nh6 11. Bd2 Qb6 12. b3 Nf5 13. Qe1 Qc7 14. Ng3 g6 15.
Ne4 Be7 16. b4 c4 17. b5 Bxe4 18. Qxe4 c3 19. Bc1 h5 20. a4 Qa5 21. Kh1 Rd5
22. Ng5 Nh6 23. Nxf7 Nxf7 24. Qxg6 Nd8 25. Qg7 Re8 26. Qg6 Rf8 27. Qg7 Qc7 28.
a5 Bb4 29. Qh6 Rxb5 30. Ba3 Bxa3 31. Rxa3 Qe7 32. Ra4 Rb4 33. Rfa1 Rg8 34.
Qxh5 Rb2 35. Qe2 Nc6 36. a6 b6 37. g3 Qh7 38. Rc4 Kd7 39. Qg2 Na5 40. Rca4 Rb8
41. Rxd4+ Ke7 42. f5 Qxf5 43. Rf4 Qxe5 44. Re4 Qb5 45. Qh3 Rb1+ 46. Rxb1 Qxb1+
47. Kg2 Qxc2+ 48. Kf3 Qxd3+ {#R} 0-1

[Event "18th Hampstead U2200 Congress"]
[Site "London, England"]
[Date "2014.06.21"]
[Round "2"]
[White "Grieve, Harry"]
[Black "Everitt, David"]
[Result "1-0"]
[WhiteElo "1726"]
[BlackElo "1450"]

1. c4 e5 2. g3 Nf6 3. Bg2 d5 4. Nc3 c6 5. cxd5 cxd5 6. d3 Be7 7. Bg5 Be6 8.
Rc1 O-O 9. Qa4 a6 10. Nf3 Nc6 11. O-O h6 12. Bd2 Qd7 13. e4 d4 14. Ne2 b5 15.
Qc2 Rfc8 16. Qb1 Bd6 17. Ne1 Bh3 18. f4 Bxg2 19. Kxg2 Qg4 20. Nf3 exf4 21.
Bxf4 Bxf4 22. Nxf4 Nh5 23. Nd5 Rab8 24. Rxc6 Rxc6 25. Ne5 Qg5 26. Nxc6 Rb7 27.
Qc1 Qg4 28. Nxd4 g5 29. Rf5 Kg7 30. Qc8 Ra7 31. Rxf7+ Rxf7 32. Qxg4 Nf6 33.
Ne6+ Kg8 34. Qf5 {#r} 1-0

[Event "18th Hampstead U2200 Congress"]
[Site "London, England"]
[Date "2014.06.21"]
[Round "2"]
[White "Gribben, Chris"]
[Black "Ngulube, Michael"]
[Result "0-1"]
[WhiteElo "1540"]
[BlackElo "1690"]

1. e4 e5 2. Nf3 Nc6 3. Bb5 a6 4. Bxc6 dxc6 5. O-O f6 6. d4 Bg4 7. dxe5 Qxd1 8.
Rxd1 fxe5 9. Rd3 Bd6 10. Bg5 Nf6 11. Nfd2 O-O-O 12. f3 Be6 13. b3 Bc5+ 14. Be3
Rxd3 15. cxd3 Bxe3+ 16. Kf1 Bd4 {#R} 0-1

[Event "18th Hampstead U2200 Congress"]
[Site "London, England"]
[Date "2014.06.21"]
[Round "2"]
[White "Ritchie, Paul"]
[Black "Crouch, Timothy J"]
[Result "0-1"]
[WhiteElo "1507"]
[BlackElo "1663"]

1. e4 c5 2. f4 d6 3. Nf3 Nf6 4. e5 dxe5 5. fxe5 Nd5 6. Bb5+ Bd7 7. Qe2 a6 8.
Bxd7+ Qxd7 9. d3 e6 10. O-O Be7 11. Nbd2 O-O 12. Ne4 Nc6 13. Qf2 Qc7 14. Qg3
Kh8 15. Bg5 Nd4 16. Bxe7 Ne2+ 17. Kf2 Nxg3 18. Bxf8 Nxf1 19. Bd6 Qb6 20. Rxf1
Qxb2 21. Nxc5 Qxc2+ 22. Kg3 b6 23. Rf2 Qc1 24. Ne4 Qf4+ 25. Kh3 Ne3 {#R} 0-1

[Event "18th Hampstead U2200 Congress"]
[Site "London, England"]
[Date "2014.06.21"]
[Round "2"]
[White "Oliveri, Claudio"]
[Black "McGann, John"]
[Result "0-1"]
[WhiteElo "1683"]
[BlackElo "1338"]

1. e4 e5 2. Nf3 Nf6 3. d4 exd4 4. e5 Qe7 5. Be2 Nd5 6. Qxd4 Nb4 7. Qc3 N8c6 8.
O-O Nd5 9. Qb3 Qc5 10. Bc4 Na5 11. Qa4 Nxc4 12. c3 b5 13. Qc2 Bb7 14. b3 Ncb6
15. Nd4 O-O-O 16. Ba3 b4 17. Bc1 bxc3 18. Ne2 d6 19. Qf5+ Rd7 20. a4 g6 21.
Qh3 dxe5 22. Nbxc3 Nxc3 23. Nxc3 Bd6 24. a5 Nd5 25. Ne4 Qd4 26. Ra4 Bb4 27.
Nf6 Bc6 28. Be3 Qc3 29. Rc1 Qxb3 30. Rxc6 Qd1# 0-1

[Event "18th Hampstead U2200 Congress"]
[Site "London, England"]
[Date "2014.06.21"]
[Round "3"]
[White "Haribalu, V."]
[Black "Krzyzanowski, Patryk"]
[Result "0-1"]
[WhiteElo "2187"]
[BlackElo "2006"]

1. e4 c5 2. Nc3 Nc6 3. Nf3 g6 4. Bc4 Bg7 5. O-O d6 6. Ng5 Ne5 7. Bb3 c4 8.
Ba4+ Bd7 9. f4 h6 10. fxe5 hxg5 11. d4 dxe5 12. Qf3 Nh6 13. Bxg5 f6 14. Bxh6
Bxh6 15. Qg3 Bf4 16. Qxg6+ Kf8 17. Bxd7 Bxh2+ 18. Kf2 Qxd7 19. d5 Bf4 20. Ne2
Bg5 21. Ke1 Qg4 22. Kd1 Qxg2 23. Rg1 Rh1 24. Qh7 Rxg1+ 25. Nxg1 Qd2# 0-1

[Event "18th Hampstead U2200 Congress"]
[Site "London, England"]
[Date "2014.06.21"]
[Round "3"]
[White "Kovacs, Zoltan"]
[Black "Ronka, Erik"]
[Result "0-1"]
[WhiteElo "2042"]
[BlackElo "2173"]

1. e4 d5 2. exd5 Qxd5 3. Nc3 Qa5 4. d4 Nf6 5. Bc4 c6 6. Nf3 Bf5 7. Qe2 e6 8.
Bd2 Bb4 9. O-O-O Nbd7 10. Ne5 Nxe5 11. dxe5 Nd5 12. Bxd5 cxd5 13. g4 d4 14.
Ne4 Bxe4 15. Bxb4 Qd5 16. c4 d3 17. cxd5 dxe2 18. Rde1 Bxh1 19. Rxh1 exd5 20.
Kd2 Rc8 21. Kxe2 Rc2+ 22. Ke3 Rxb2 23. Bd6 Kd7 {#R} 0-1

[Event "18th Hampstead U2200 Congress"]
[Site "London, England"]
[Date "2014.06.21"]
[Round "3"]
[White "Barasi, Paul"]
[Black "Jyothilal, N."]
[Result "0-1"]
[WhiteElo "1867"]
[BlackElo "2048"]

1. d4 Nf6 2. Bg5 Ne4 3. h4 d5 4. Nd2 Nxg5 5. hxg5 Bf5 6. e3 e6 7. f4 c5 8.
Bb5+ Nc6 9. Ngf3 Qb6 10. Bxc6+ bxc6 11. Ne5 cxd4 12. g4 Bg6 13. f5 exf5 14.
exd4 O-O-O 15. Nb3 Bd6 16. Qf3 Bxe5 17. O-O-O f4 18. dxe5 Qe3+ 19. Qxe3 fxe3
20. Rhe1 Rhe8 21. Rxe3 Be4 22. Rc3 Kc7 23. Nd4 Kd7 24. Rf1 Bg6 25. e6+ Rxe6
26. Nxe6 fxe6 27. Ra3 Ra8 28. Rf4 Kd6 29. Kd2 e5 30. Rf2 d4 31. b3 e4 32. Ke2
a5 33. b4 a4 34. Rf1 Kd5 {#R} 0-1

[Event "18th Hampstead U2200 Congress"]
[Site "London, England"]
[Date "2014.06.21"]
[Round "3"]
[White "Xu, David"]
[Black "Healey, Mike"]
[Result "1/2-1/2"]
[WhiteElo "1538"]
[BlackElo "2122"]

1. Nf3 Nf6 2. g3 h6 3. Bg2 g5 4. b3 Bg7 5. Bb2 d6 6. c4 e5 7. O-O O-O 8. d4 e4
9. Nfd2 Qe7 10. e3 Nc6 11. Nc3 Bf5 12. a3 a5 13. d5 Nb8 14. Ncxe4 Nbd7 15.
Nxf6+ Bxf6 16. Bxf6 Nxf6 17. e4 Bg4 18. Qc2 Qe5 19. Nf3 Qxe4 20. Qxe4 Nxe4 21.
Ne5 dxe5 22. Bxe4 Bd7 23. Rad1 b6 24. d6 c6 25. Rd2 f5 26. Bg2 Rf6 27. Re1 Re8
28. b4 a4 29. c5 b5 30. Rde2 Rfe6 31. f3 Kf7 32. Bh3 Kf6 33. Kf2 {#d} 1/2-1/2

[Event "18th Hampstead U2200 Congress"]
[Site "London, England"]
[Date "2014.06.21"]
[Round "3"]
[White "Gaudeau, Valentin"]
[Black "Sagues, Vincent"]
[Result "1-0"]
[WhiteElo "1965"]
[BlackElo "1896"]

1. d4 Nf6 2. Nf3 g6 3. Bf4 Bg7 4. Nbd2 d5 5. e3 O-O 6. Bd3 Nbd7 7. h3 b6 8. c3
Bb7 9. Qc2 c5 10. O-O Rc8 11. Bh2 e6 12. Rfe1 Re8 13. Rad1 a6 14. Qb1 Bf8 15.
e4 dxe4 16. Nxe4 c4 17. Bc2 Nxe4 18. Bxe4 Bxe4 19. Qxe4 Nf6 20. Qe2 Nd5 21. h4
h5 22. Qe4 Bg7 23. Be5 b5 24. Kh1 Qd7 25. g4 f5 26. gxf5 exf5 27. Qc2 Qc6 28.
Kh2 Bxe5+ 29. Nxe5 Qf6 30. Nxg6 Qd6+ 31. Ne5 Nf6 32. Qxf5 Ng4+ 33. Kh3 Qf6 34.
Qxf6 Nxf6 35. Re3 Nd5 36. Rg1+ Kh7 37. Rf3 Rf8 38. Nf7 Rg8 39. Rxg8 Kxg8 40.
Rf5 Ne7 41. Nh6+ Kg7 42. Rf7+ Kxh6 43. Rxe7 Rc6 44. d5 Rc5 45. Rd7 Kg6 46. Kg3
Kf5 47. Kf3 a5 48. a3 b4 49. axb4 axb4 50. Ke3 b3 51. Kd4 Rc8 52. f3 Kf4 53.
Rh7 Kxf3 54. Rxh5 Ke2 55. d6 Kd2 56. Rf5 Kc2 57. Rf2+ Kb1 58. Kd5 Ra8 59. d7
Ra2 60. d8=Q Rxb2 61. Rxb2+ Kxb2 62. Kxc4 {#r} 1-0